Asertivita v komunikácii = Assertivity in communication : Diplomová práca

Saved in:
Bibliographic Details
Main Author: Pekárová, Adriana (Author)
Other Authors: Černáková, Eleonóra, 1- (xxx)
Format: Manuscript Book
Language:Slovak
Published: Trnava : STU v Bratislave MTF UIPH, 2009
Subjects:
Tags: Add Tag
No Tags, Be the first to tag this record!

MARC

LEADER 00000ntm a22000003a 4500
001 stu198823
005 20160719160105.1
008 100122s2009----xo------------------slo-d
040 |a STU  |b slo 
041 0 |a slo 
044 |a xo 
100 1 |a Pekárová, Adriana  |4 aut 
245 1 |a Asertivita v komunikácii = Assertivity in communication :  |b Diplomová práca 
260 |a Trnava :  |b STU v Bratislave MTF UIPH,  |c 2009 
300 |a 73 s  |c Prílohy + 1 CD-ROM 
500 |a Študijný odbor: 1.1.2 učiteľstvo profesijných predmetov a praktickej prípravy 
500 |a Študijný program: učiteľstvo technických profesijných predmetov 
650 7 |a asertivita  |2 stusub 
650 7 |a asertívna komunikácia  |2 stusub 
700 1 |a Černáková, Eleonóra,  |d 1-  |4 xxx  |X 61769  |7 A000061769 
996 |b 284M077808  |c M*DP-8843  |l MMSKP  |s P  |a 0  |w stu198823_0001